| 000 | 00395cam a2200169ua 4500 | ||
|---|---|---|---|
| 020 | _c2.00 | ||
| 041 |
_amal _h |
||
| 082 |
_a923.2 _bGOP/IN |
||
| 100 | _aGopinathan, K . | ||
| 245 |
_aIndira Gandhi / _cK.Gopinathan. _hTextual Documents |
||
| 260 |
_aCalicut : _bPoorna Publications , _c1966. |
||
| 300 | _a87 ; . | ||
| 365 | _a2.00 | ||
| 504 | _a | ||
| 942 | _cBK | ||
| 999 |
_c946 _d946 |
||